| 000 | 00787nam a2200229 a 4500 | ||
|---|---|---|---|
| 001 | 000022752 | ||
| 005 | 20200930021757.0 | ||
| 008 | 101117s1970 ve 000 0 spa d | ||
| 041 | 1 | 7 |
_aspa _hfre _2Código de idiomas MARC |
| 082 |
_aBNPHU _bspa _cBNPHU |
||
| 100 | 1 |
_aHuteau, Jean. _946749 |
|
| 240 | 0 |
_aL´Amérique Latine en mutation. _lEspañol |
|
| 245 | 1 | 0 |
_aLa transformacion de América Latina / _cJean Huteau ; traducción de Martín Seghers. |
| 260 |
_aCaracas : _bTiempo Nuevo, _c1970. |
||
| 300 |
_a247 p. : _bil. ; _c18 cm. |
||
| 490 | 1 |
_aLibros de Bolsillo. _v8 |
|
| 534 |
_aTítulo del original francés : _tL´Amérique Latine en mutation |
||
| 700 | 1 |
_aSeghers, Martín, _etr. _946750 |
|
| 830 | 0 |
_aLibros de Bolsillo. _v8 _946751 |
|
| 049 | _aBNGR | ||
| 999 |
_c22249 _d22249 |
||
| 040 | _aDO-SdBNP | ||